Instituciones del Derecho Civil de Castilla (Registro nro. 324325)

Detalles MARC
000 -ENCABEZADO
Número de control [NR] 02384nam a22002657a 4500
005 - FECHA Y HORA DE LA ÚLTIMA TRANSACCIÓN
control field 20240607082316.0
008 - DE LONGITUD FIJA DE DATOS DE ELEMENTOS - INFORMACIÓN GENERAL
Elementos de longitud fija [NR] 130419s1786||||sp ||||fr|||||001|0|spa|d
040 ## - FUENTE DE CATALOGACION [NR]
Agencia de catalogación original [NR] Co-BoUCM
Idioma de catalogación [NR] spa
Quien Cataloga Sandra Yazo (modificó)
Quien Clasifica Sandra Yazo (modificó)
041 0# - CODIGO DE IDIOMA [R]
Código de idioma para texto/pista de sonido o título separado [R] Latín
082 04 - NUMERO DE CLASIFICACION DECIMAL DEWEY [R]
Número de clasificación [R] 340.56
Número de la edición [NR] 20
092 ## - SIGNATURA TOPOGRAFICA LOCAL
Número de clasificación local E53N075
100 1# - ASIENTO PRINCIPAL--NOMBRE PERSONAL [NR]
Nombre personal [NR] Jordán de Assó y del Río, Ignacio
Fechas asociadas con el nombre [NR] 1742-1804
ID Autoridad 181236
245 10 - MENCION DE TITULO [NR]
Título [NR] Instituciones del Derecho Civil de Castilla
Mención de responsabilidad, etc. [NR] por ... Ignacio Jordán de Asso y del Río y Miguel de Manuel y Rodríguez
250 ## - MENCION DE EDICION [NR]
Mención de edición [NR] Edición quarta,
Resto de la mención de edición [NR] corregida notablemente y aumentada la parte histórica
260 ## - PUBLICACION, DISTRIBUCION, ETC. (PIE DE IMPRENTA) [R]
Lugar de publicación, distribución, etc. [R] Madrid (España)
Nombre del editor, distribuidor, etc. [R] Excudebat Mathias Gastius [En los talleres de Matías Gast]
Fecha de publicación, distribución, etc. [R] 1786
300 ## - DESCRIPCION FISICA [R]
Extensión [R] [12], cxxvi, 336 páginas
Dimensiones [R] 20 x 15 cm.
500 ## - NOTA GENERAL [R]
Nota general [NR] Detalles físicos: Encuadernación rígida en pergamino, en regular estado de conservación. Conserva la portada impresa en una sola tinta con grabado del editor, cortado al final de la página. Primer y segundo cuadernillo desprendido. Índice. Texto impreso en una sola columna, con diferentes tipos y tamaños de letra. Mayúsculas capitales. Apostillas marginales impresas. Signaturas y reclamos. Ejemplar desencuadernado. Sin guardas. Papel con manchas de oxidación. Ejemplar mútilo. En portada firma: “Dr. Joaquín Cardoso. 1794”
505 0# - NOTA DE CONTENIDO CON FORMATO PREESTABLECIDO [R]
Nota de contenido con formato preestablecido [NR] Libro I - II: Estado natural de las personas ; Tutela y Curaduría ; Obligaciones de tutores y curadores ; Estado civil de las personas ; Desposorio y Matrimonio ; Dotes, arras, donadíos y ganancias ;Diferencia de hijos ; Patria potestad ; Libro II: División de las cosas ; Dominio y sus clases ; Modos de adquisición ; Testamentos ; Herencias ; Entrega y partición de la herencia ; Sustituciones, mayorazgos y legados ; Servidumbres ; Prendas, hipotecas y censos ; Obligaciones ; Pactos ; Donaciones ; Depósito o préstamo ; Mandamiento ; Compra y venta -- Jurisdicción y jueces ; Fueros y Competencias ; Actor, reo, procurador y abogado ; Acciones y demandas ; Citación y contestación ; Excepciones ; Pruebas y sentencia ; Apelación y suplicación ; Los juicios criminales…
506 ## - NOTA DE RESTRICCIONES DE ACCESO [R]
Condiciones de acceso [NR] Consulta en sala.
650 #7 - ASIENTO SECUNDARIO DE MATERIA - TERMINO TEMATICO [R]
Término temático o nombre geográfico como elemento de entrada [NR] Derecho civil
Subdivisión geográfica [R] España
9 (RLIN) 38004
650 #7 - ASIENTO SECUNDARIO DE MATERIA - TERMINO TEMATICO [R]
Término temático o nombre geográfico como elemento de entrada [NR] Derecho español
9 (RLIN) 12765
690 ## - ASUNTO AGREGADO LOCAL DE ENTRADA - TÉRMINO TEMÁTICO (OCLC, RLIN)
Acceso temático local Derecho civil
9 (RLIN) 12711
700 ## - ASIENTO SECUNDARIO - NOMBRE PERSONAL [R]
Nombre personal [NR] Manuel y Rodríguez, Miguel de,
Fechas asociadas con el nombre [NR] 1741-1798
9 (RLIN) 181237
942 ## - ELEMENTOS DE ENTRADA AGREGADOS (KOHA)
Tipo de ítem principal el descrito en 300a Libro
Edición 4
Tema principal 8
Sistema de clasificación LOCAL
Clasificación E53N075
Existencias
Suprimido Perdido Sistema de clasificación Dañado No prestable Tipo de ítem específico Ubicación habitual Ubicación actual Localización Fecha de creación Forma de adquisición Costo Total préstamos Signatura topográfica Código de barras Última vez visto Ejemplar Price effective from Tipo de ítem
    LOCAL     Libro archivo Archivo Histórico Archivo Histórico Archivo histórico 06/06/2024 Donación 0.00   E53N075 L007116 06/06/2024 Ej.1 06/06/2024 Libro